Database management systems (DBMS): (Record no. 35729)

MARC details
000 -LEADER
fixed length control field 00701nam a22001934a 4500
005 - DATE AND TIME OF LATEST TRANSACTION
control field 20100506105820.0
008 - FIXED-LENGTH DATA ELEMENTS--GENERAL INFORMATION
fixed length control field 090211s2008 ii ab b 000 0 eng
020 ## - INTERNATIONAL STANDARD BOOK NUMBER
International Standard Book Number 8121932459
Terms of availability 300.00
037 ## - SOURCE OF ACQUISITION
Source of stock number/acquisition PUB
040 ## - CATALOGING SOURCE
Original cataloging agency dpl
Language of cataloging English
100 ## - MAIN ENTRY--PERSONAL NAME
Personal name Chopra, Rajiv
245 ## - TITLE STATEMENT
Title Database management systems (DBMS):
Statement of responsibility, etc by Rajiv Chopra
Remainder of title (a practical approach) concepts, principles, case studies, experiments /
260 ## - PUBLICATION, DISTRIBUTION, ETC. (IMPRINT)
Place of publication, distribution, etc New Delhi
Name of publisher, distributor, etc S. Chand
Date of publication, distribution, etc 2010
270 ## - ADDRESS
Address Ram Nagar
City New Delhi
Postal code 110055
300 ## - PHYSICAL DESCRIPTION
Extent xvi, 687p.
Dimensions 26 cm(pbk)
500 ## - GENERAL NOTE
General note Includes bibliographical references
942 ## - ADDED ENTRY ELEMENTS (KOHA)
Source of classification or shelving scheme Dewey Decimal Classification
Item type English Books
Call number suffix CHO
Holdings
Withdrawn status Lost status Source of classification or shelving scheme Damaged status Not for loan Home library Current library Date acquired Cost, normal purchase price Total Checkouts Full call number Date last seen Cost, replacement price Koha item type
    Dewey Decimal Classification   Ordered Andrews Gunj Andrews Gunj 06/05/2010 300.00   CHO 06/05/2010 300.00 English Books

© Delhi Public Library
Hit Counter
free hit counter